| 000 | 01601cam a22004337a 4500 | ||
|---|---|---|---|
| 003 | CHAP | ||
| 005 | 20220329142740.0 | ||
| 008 | 010920s2001 mx r 00010 spa d | ||
| 010 | _a87223 | ||
| 011 | _a88195 | ||
| 035 | _a98740 | ||
| 040 | _cCHAP | ||
| 090 | _aTesis | ||
| 100 | 0 | 0 |
_aBalcorta Martínez, Hugo César. _99638 |
| 245 | 1 | 0 |
_aVariación fenotípica y selección de arboles superiores en una plantación de Gmelina arborea Linn. _c/por Hugo César Balcorta Martínez |
| 260 |
_aChapingo, Méx. : _bEl autor, _c2003. |
||
| 300 |
_a78 h. ; _bgráfs. |
||
| 502 | _aTesis (Ing. Forestal) -- UACH. División de Ciencias Forestales | ||
| 530 | _aTambién disponible en línea | ||
| 590 |
_aALEPH _b10 _c20130110 _lUCH01 _h1453 |
||
| 590 |
_aBATCH-UPD _b10 _c20130110 _lUCH01 _h0635 |
||
| 590 |
_aBATCH-UPD _b10 _c20130110 _lUCH01 _h2305 |
||
| 590 |
_aBATCH-UPD _b10 _c20130410 _lUCH01 _h0318 |
||
| 590 |
_aBATCH-UPD _b10 _c20130914 _lUCH01 _h0526 |
||
| 590 |
_aBATCH-UPD _b10 _c20140324 _lUCH01 _h1438 |
||
| 590 |
_aBATCH-UPD _b10 _c20141002 _lUCH01 _h0818 |
||
| 590 |
_aBATCH _b00 _c20181121 _lUCH01 _h0758 |
||
| 590 |
_aCONVERSION _b10 _c20130109 _lUCH01 _h1348 |
||
| 650 | 1 | 4 |
_aÁrboles _xClasificación. _982435 |
| 650 | 1 | 4 |
_aÁrboles _xGenetica. _96602 |
| 650 | 1 | 4 |
_aGmelina arborea. _948343 |
| 856 |
_3Finding aid _uhttp://10.13.5.2/tesis/98740.pdf _zTeclea aqui |
||
| 856 |
_a1 _n0000704 |
||
| 901 | _aBK | ||
| 905 | _aAlejandra Carrasco M. | ||
| 942 | _cFOLL | ||
| 949 |
_aTesis _bBC _cTES _d33724000894515 _eTS2 _fc.2 _h40929 _i98740 _si |
||
| 949 |
_aTesis _bBC _cTES _d987401 _eTS1 _h40928 _i98740 _sb |
||
| 999 |
_c87223 _d87223 |
||